[Event "SVK-ch Amateurs"]
[Site "Liptovsky Jan"]
[Date "2023.06.15"]
[Round "2"]
[White "Jurky, Marian"]
[Black "Budinsky, Martin"]
[Result "0-1"]
[WhiteElo "1750"]
[BlackElo "2025"]
[PlyCount "76"]
[EventDate "2023.06.15"]
[EventType "swiss"]
[EventRounds "8"]
[EventCountry "SVK"]
[SourceTitle "CBM 214 Extra"]
[Source "ChessBase"]
[SourceDate "2023.07.31"]
[SourceVersion "1"]
[SourceVersionDate "2023.07.31"]
[SourceQuality "1"]

1. d4 Nf6 2. Nf3 e6 3. c4 b6 4. Nc3 Bb4 5. Bd2 Bb7 6. a3 Bxc3 7. Bxc3 d6 8. e3 Nbd7 9. Be2 0-0 10. 0-0 Ne4 11. Rc1 f5 12. Nd2 Nxc3 13. Rxc3 e5 14. b4 c5 15. bxc5 bxc5 16. d5 Qe7 17. e4 g6 18. f3 Nf6 19. Qe1 f4 20. g4 fxg3 21. hxg3 g5 22. Kg2 Rf7 23. Rh1 h5 24. Nf1 Rh7 25. Ne3 Bc8 26. g4 hxg4 27. Nxg4 Bxg4 28. fxg4 Rxh1 29. Qxh1 Nxe4 30. Rh3 Qg7 31. Bd3 Nf6 32. Rh6 e4 33. Be2 Rb8 34. Rh3 Nxg4 35. Bxg4 Rb2+ 36. Be2 Rxe2+ 37. Kf1 Rc2 38. Qxe4 Qa1+ 0-1

[Event "SVK-ch U16"]
[Site "Dudince"]
[Date "2023.04.18"]
[Round "4"]
[White "Polomsky, Tomas"]
[Black "Jurky, Marian"]
[Result "1/2-1/2"]
[WhiteElo "1733"]
[BlackElo "1760"]
[PlyCount "70"]
[EventDate "2023.04.16"]
[EventType "swiss"]
[EventRounds "9"]
[EventCountry "SVK"]
[SourceTitle "CBM 213 Extra"]
[Source "ChessBase"]
[SourceDate "2023.05.31"]
[SourceVersion "1"]
[SourceVersionDate "2023.05.31"]
[SourceQuality "1"]

1. Nf3 d5 2. g3 Nf6 3. Bg2 c6 4. 0-0 e6 5. d4 Bd6 6. Nbd2 0-0 7. c4 Nbd7 8. Qc2 Re8 9. e4 dxe4 10. Nxe4 Nxe4 11. Qxe4 Nf6 12. Qd3 Bc7 13. Rd1 e5 14. Nxe5 Bxe5 15. dxe5 Qxd3 16. Rxd3 Rxe5 17. Rd8+ Re8 18. Rxe8+ Nxe8 19. Bf4 Be6 20. b3 Rd8 21. Bf3 Nf6 22. Rd1 Rxd1+ 23. Bxd1 Kf8 24. Kf1 Ke7 25. Be5 g6 26. Ke1 Bf5 27. b4 Be6 28. Be2 Nd7 29. Bd4 b6 30. a4 c5 31. Bc3 cxb4 32. Bxb4+ Nc5 33. a5 Kd6 34. axb6 axb6 35. Kd2 Kc6 1/2-1/2

[Event "SVK-chT1E 2223"]
[Site "Slovakia"]
[Date "2023.03.12"]
[Round "11.8"]
[White "Gay, Lukas"]
[Black "Jurky, Marian"]
[Result "1/2-1/2"]
[WhiteElo "1624"]
[BlackElo "1774"]
[PlyCount "80"]
[EventDate "2022.10.15"]
[EventType "team-tourn"]
[EventRounds "11"]
[EventCountry "SVK"]
[SourceTitle "EXT 2024"]
[Source "ChessBase"]
[SourceDate "2023.10.10"]
[SourceVersion "1"]
[SourceVersionDate "2023.10.10"]
[SourceQuality "1"]
[WhiteTeam "Humenne Reinter II"]
[BlackTeam "Liptov Chess School II"]
[WhiteTeamCountry "SVK"]
[BlackTeamCountry "SVK"]

1. e4 b6 2. d4 Bb7 3. Bd3 e6 4. Nf3 c5 5. Qe2 cxd4 6. Nxd4 Bc5 7. Nb3 Be7 8. Bf4 Nf6 9. N1d2 Nc6 10. c3 h6 11. Nd4 Nxd4 12. cxd4 Bb4 13. a3 Bxd2+ 14. Bxd2 0-0 15. e5 Nh7 16. Qg4 Kh8 17. Bb4 Re8 18. Qh5 Qg5 19. Qxg5 Nxg5 20. f3 f5 21. h4 Nf7 22. Rg1 a5 23. Bd2 d6 24. exd6 Nxd6 25. Bf4 Nf7 26. Ke2 e5 27. dxe5 Nxe5 28. Bxe5 Rxe5+ 29. Kf2 Rd8 30. Rad1 Red5 31. Ke2 Re8+ 32. Kf2 Red8 33. Ke2 Re8+ 34. Kf2 b5 35. Bb1 Red8 36. Rxd5 Rxd5 37. Ke3 g5 38. hxg5 hxg5 39. Rc1 f4+ 40. Ke2 Re5+ 1/2-1/2

[Event "SVK-chT2C 2223"]
[Site "Slovakia"]
[Date "2022.11.12"]
[Round "3.8"]
[White "Badinka, Adam"]
[Black "Jurky, Marian"]
[Result "1-0"]
[WhiteElo "1717"]
[BlackElo "1711"]
[PlyCount "55"]
[EventDate "2022.10.08"]
[EventType "team-tourn"]
[EventRounds "11"]
[EventCountry "SVK"]
[SourceTitle "EXT 2024"]
[Source "ChessBase"]
[SourceDate "2023.10.10"]
[SourceVersion "1"]
[SourceVersionDate "2023.10.10"]
[SourceQuality "1"]
[WhiteTeam "Filakovo"]
[BlackTeam "Liptov Chess School III"]
[WhiteTeamCountry "SVK"]
[BlackTeamCountry "SVK"]

1. e4 d5 2. exd5 Nf6 3. Nf3 Qxd5 4. Nc3 Qa5 5. Be2 Nc6 6. 0-0 Bg4 7. b4 Nxb4 8. Rb1 Rb8 9. a3 Nbd5 10. Bb5+ Bd7 11. Nxd5 Nxd5 12. Bxd7+ Kxd7 13. Ne5+ Ke8 14. Nc6 Qc5 15. Nxb8 Nb6 16. d3 e6 17. Be3 Qf5 18. c4 h5 19. Bxb6 axb6 20. Qa4+ Ke7 21. Qd7+ Kf6 22. Qxc7 g5 23. Nd7+ Kg6 24. Nxf8+ Rxf8 25. Rb5 Qg4 26. h3 Qh4 27. Qe7 Rg8 28. g3 1-0

[Event "SVK-chT2C 2223"]
[Site "Slovakia"]
[Date "2022.10.08"]
[Round "1.8"]
[White "Jurky, Marian"]
[Black "Gajdosik, Marian"]
[Result "1/2-1/2"]
[WhiteElo "1691"]
[BlackElo "1765"]
[PlyCount "113"]
[EventDate "2022.10.08"]
[EventType "team-tourn"]
[EventRounds "11"]
[EventCountry "SVK"]
[SourceTitle "CBM 210 Extra"]
[Source "ChessBase"]
[SourceDate "2022.11.30"]
[SourceVersion "1"]
[SourceVersionDate "2022.11.30"]
[SourceQuality "1"]
[WhiteTeam "Liptov Chess School III"]
[BlackTeam "Banska Bystrica Kurta"]
[WhiteTeamCountry "SVK"]
[BlackTeamCountry "SVK"]

1. d4 d6 2. c4 Nd7 3. Nc3 e5 4. Nf3 h6 5. e4 c6 6. Be3 Qf6 7. Be2 Ne7 8. h4 Ng6 9. h5 Nf4 10. Bxf4 Qxf4 11. Qd2 Qf6 12. d5 a5 13. a3 Nc5 14. Qc2 Be7 15. Na4 Nd7 16. b4 axb4 17. axb4 0-0 18. 0-0 Qf4 19. g3 Qf6 20. c5 g6 21. dxc6 bxc6 22. cxd6 Qxd6 23. Rfd1 Qf6 24. Nc5 Rxa1 25. Rxa1 Nxc5 26. bxc5 Bg4 27. Ra7 Bxh5 28. Qc3 Bxc5 29. Qxc5 Bxf3 30. Bxf3 Qxf3 31. Qxc6 Rd8 32. Ra8 Rxa8 33. Qxa8+ Kg7 34. Qd5 Qf6 35. Kg2 h5 36. f3 Qe7 37. Qa5 Qd6 38. Qc3 Qf6 39. Qc5 Qe6 40. Qc2 Qd6 41. Qc3 Qf6 42. Qc5 Kh7 43. Qd5 Kh6 44. Qd2+ Qg5 45. Qd5 h4 46. Qxf7 Qxg3+ 47. Kf1 Kg5 48. Qe7+ Kf4 49. Qf7+ Ke3 50. Qb3+ Kf4 51. Qf7+ Kg5 52. Qe7+ Kh6 53. Qf8+ Kh7 54. Qf7+ Kh6 55. Qf8+ Kg5 56. Qe7+ Kf4 57. Qf7+ 1/2-1/2

[Event "SVK-ch U16"]
[Site "Stara Lubovna"]
[Date "2022.05.21"]
[Round "1"]
[White "Salgovic, Simon"]
[Black "Jurky, Marian"]
[Result "1-0"]
[WhiteElo "2091"]
[BlackElo "1689"]
[PlyCount "115"]
[EventDate "2022.05.21"]
[EventType "swiss"]
[EventRounds "9"]
[EventCountry "SVK"]
[SourceTitle "CBM 208 Extra"]
[Source "ChessBase"]
[SourceDate "2022.07.31"]
[SourceVersion "1"]
[SourceVersionDate "2022.07.31"]
[SourceQuality "1"]

1. e4 c5 2. Nf3 d6 3. d4 cxd4 4. Nxd4 Nf6 5. Nc3 a6 6. Be3 e6 7. Be2 Be7 8. a4 Bd7 9. 0-0 0-0 10. f4 Nc6 11. Nb3 Qc7 12. a5 Bd8 13. Bf3 Qb8 14. Kh1 h6 15. Qd2 Kh8 16. Rfd1 Bc7 17. Na4 Ne7 18. Nb6 Bxb6 19. Bxb6 Nc8 20. e5 dxe5 21. fxe5 Nd5 22. Bxd5 exd5 23. Bc5 Re8 24. Qxd5 Be6 25. Qd4 Bxb3 26. cxb3 Qxe5 27. Qxe5 Rxe5 28. Rd8+ Kh7 29. b4 Re6 30. Rc1 Rc6 31. Re1 Rb8 32. Ree8 b6 33. axb6 a5 34. b7 Rxb7 35. Rxc8 Rf6 36. h3 axb4 37. Re4 b3 38. Rb4 Rxb4 39. Bxb4 Rb6 40. Bc3 Kg6 41. Rc4 f5 42. Rb4 Rxb4 43. Bxb4 Kg5 44. g3 Kh5 45. Kg2 g5 46. Kf3 Kg6 47. Ke3 h5 48. h4 f4+ 49. gxf4 g4 50. Ke4 Kf6 51. Bc3+ Ke6 52. f5+ Kf7 53. Ke5 Ke7 54. f6+ Kf7 55. Be1 Kf8 56. Ke6 Ke8 57. f7+ Kf8 58. Bb4+ 1-0

[Event "EU Union-ch U14"]
[Site "Kouty nad Desnou"]
[Date "2021.08.19"]
[Round "6.7"]
[White "Havelkova, Beata"]
[Black "Jurky, Marian"]
[Result "1/2-1/2"]
[WhiteElo "1609"]
[BlackElo "1502"]
[PlyCount "114"]
[EventDate "2021.08.14"]
[EventType "swiss"]
[EventRounds "9"]
[EventCountry "CZE"]
[SourceTitle "EXT 2022"]
[Source "ChessBase"]
[SourceDate "2021.10.06"]
[SourceVersion "1"]
[SourceVersionDate "2021.10.06"]
[SourceQuality "1"]

1. e4 c5 2. c3 d5 3. exd5 Qxd5 4. d4 g6 5. Nf3 Bg7 6. Na3 cxd4 7. cxd4 Nf6 8. Bc4 Qe4+ 9. Be3 0-0 10. 0-0 Bg4 11. Ng5 Bxd1 12. Nxe4 Nxe4 13. Rfxd1 Nd7 14. Rac1 Nb6 15. Be2 Rac8 16. Bf3 Nd6 17. b3 Rxc1 18. Bxc1 Nbc8 19. Nc2 e5 20. dxe5 Bxe5 21. Ne3 Bf4 22. Kf1 b6 23. g3 Bh6 24. Be2 Ne4 25. Nc4 Bxc1 26. Rxc1 Ncd6 27. Nxd6 Nxd6 28. Rc7 a5 29. Rc6 Ne4 30. Rxb6 Nc3 31. Ra6 Re8 32. Bc4 Re5 33. a3 Nb1 34. a4 Nd2+ 35. Kg2 Nxc4 36. bxc4 Kf8 37. Kf3 g5 38. Kg4 Rc5 39. f4 gxf4 40. gxf4 Kg7 41. h4 Rxc4 42. Rxa5 Rc1 43. Rg5+ Kf6 44. a5 Ra1 45. Kf3 Ra3+ 46. Ke2 Ra4 47. Kf3 Ra3+ 48. Kg4 Ra4 49. Rf5+ Kg7 50. Kg5 Ra1 51. Kh5 h6 52. Rb5 Kh7 53. f5 Kg7 54. Rc5 Ra4 55. Rb5 Ra1 56. f6+ Kh7 57. Rc5 Ra4 1/2-1/2

[Event "EU Union-ch U14"]
[Site "Kouty nad Desnou"]
[Date "2021.08.16"]
[Round "3.9"]
[White "Artan, Tamir"]
[Black "Jurky, Marian"]
[Result "0-1"]
[WhiteElo "1473"]
[BlackElo "1502"]
[PlyCount "98"]
[EventDate "2021.08.14"]
[EventType "swiss"]
[EventRounds "9"]
[EventCountry "CZE"]
[SourceTitle "EXT 2022"]
[Source "ChessBase"]
[SourceDate "2021.10.06"]
[SourceVersion "1"]
[SourceVersionDate "2021.10.06"]
[SourceQuality "1"]

1. e4 c5 2. Nf3 Nc6 3. d4 cxd4 4. Nxd4 g6 5. c4 Bg7 6. Be3 Qb6 7. Nb3 Qc7 8. Qd2 Nf6 9. Nc3 0-0 10. Be2 d6 11. f3 Bd7 12. 0-0 Ne5 13. Rac1 b6 14. Nd4 Qb7 15. Rc2 Rac8 16. b3 Nc6 17. Nxc6 Bxc6 18. Bd3 e6 19. Qe2 Qa8 20. Bf4 d5 21. Bd6 Rfd8 22. Be7 Rd7 23. Bxf6 Bxf6 24. cxd5 exd5 25. Nxd5 Bxd5 26. exd5 Rxc2 27. Bxc2 Qxd5 28. Rd1 Qc5+ 29. Kh1 Re7 30. Be4 Rc7 31. g3 Kg7 32. Kg2 Re7 33. Qd3 Qa5 34. a4 Qb4 35. Rd2 Bg5 36. f4 Qxe4+ 37. Qxe4 Rxe4 38. fxg5 Re3 39. Rb2 h6 40. gxh6+ Kxh6 41. b4 Ra3 42. a5 bxa5 43. bxa5 Rxa5 44. Rb7 Kg7 45. Kf3 Ra1 46. h4 a5 47. Ke4 a4 48. Kd3 Ra3+ 49. Kc2 Rxg3 0-1

[Event "SVK-ch U14"]
[Site "Stara Lubovna"]
[Date "2021.06.30"]
[Round "6"]
[White "Sevcik, Matej"]
[Black "Jurky, Marian"]
[Result "1-0"]
[WhiteElo "1318"]
[BlackElo "1506"]
[PlyCount "109"]
[EventDate "2021.06.26"]
[EventType "swiss"]
[EventRounds "9"]
[EventCountry "SVK"]
[SourceTitle "CBM 203 Extra"]
[Source "ChessBase"]
[SourceDate "2021.09.30"]
[SourceVersion "1"]
[SourceVersionDate "2021.09.30"]
[SourceQuality "1"]

1. d4 d5 2. c4 e6 3. Nf3 Nf6 4. g3 Be7 5. Bg2 0-0 6. 0-0 Nbd7 7. Qc2 c6 8. Nbd2 b6 9. e4 dxe4 10. Nxe4 Bb7 11. Nxf6+ Nxf6 12. Rd1 Rc8 13. Bf4 Nh5 14. Be3 Qc7 15. c5 bxc5 16. dxc5 Nf6 17. Bf4 Qa5 18. Bd6 Bxd6 19. Rxd6 Rfd8 20. b4 Qc7 21. Rad1 Nd5 22. Ng5 g6 23. Ne4 f5 24. Rxd8+ Rxd8 25. Nd6 e5 26. Bxd5+ cxd5 27. Qb2 d4 28. Qb3+ Kf8 29. Qe6 Bf3 30. Qf6+ Kg8 31. Rd2 Rxd6 32. Qxd6 Qxd6 33. cxd6 Kf7 34. Rc2 Ke6 35. Kf1 Kxd6 36. Rc8 Kd5 37. Ke1 e4 38. Kd2 Bg2 39. Rc5+ Kd6 40. Ra5 Ke6 41. Rxa7 g5 42. Rxh7 Bf1 43. Rc7 f4 44. Ke1 Bd3 45. Rc5 f3 46. Rxg5 e3 47. Rc5 e2 48. a4 Kd6 49. Kd2 Be4 50. Rc1 Kd7 51. b5 Bd5 52. b6 Kd8 53. a5 Bb7 54. h4 Ke8 55. Rc7 1-0

[Event "SVK League Cup 1st"]
[Site "Tornelo INT"]
[Date "2021.04.03"]
[Round "3"]
[White "Jurky, Marian"]
[Black "Volanek, Maros"]
[Result "1/2-1/2"]
[WhiteElo "1506"]
[BlackElo "1411"]
[PlyCount "92"]
[EventDate "2021.03.27"]
[EventType "swiss"]
[EventRounds "8"]
[EventCountry "SVK"]
[SourceTitle "EXT 2022"]
[Source "ChessBase"]
[SourceDate "2021.10.06"]
[SourceVersion "1"]
[SourceVersionDate "2021.10.06"]
[SourceQuality "1"]

1. c4 e6 2. g3 Nf6 3. Bg2 d5 4. cxd5 exd5 5. d4 c6 6. e3 Bf5 7. Ne2 Bd6 8. 0-0 0-0 9. Nbc3 Nbd7 10. Bd2 Re8 11. Qb3 Qc7 12. Rac1 Qb6 13. Qxb6 Nxb6 14. b3 Bb4 15. Nb1 Bxd2 16. Nxd2 h6 17. Nc3 Rad8 18. Rfe1 Nc8 19. Na4 Nd6 20. Nc5 Re7 21. a4 Rde8 22. Bf1 Nfe4 23. Ndxe4 Nxe4 24. Nxe4 Bxe4 25. Bg2 Bxg2 26. Kxg2 Kh7 27. b4 a6 28. Rc5 Re6 29. Rb1 Ra8 30. b5 axb5 31. axb5 Ra2 32. Kf1 Rf6 33. f4 Rxh2 34. bxc6 bxc6 35. Rbc1 Rh1+ 36. Kg2 Rxc1 37. Rxc1 Kg6 38. Kf3 h5 39. Kg2 Re6 40. Rc3 Kf5 41. Kf3 f6 42. Rc1 g5 43. fxg5 fxg5 44. Rh1 Rh6 45. Rh2 h4 46. g4+ Kf6 1/2-1/2

[Event "SVK League Cup 1st"]
[Site "Tornelo INT"]
[Date "2021.03.28"]
[Round "2"]
[White "Ihnat, Marek1111"]
[Black "Jurky, Marian"]
[Result "1-0"]
[WhiteElo "2059"]
[BlackElo "1506"]
[PlyCount "119"]
[EventDate "2021.03.27"]
[EventType "swiss"]
[EventRounds "8"]
[EventCountry "SVK"]
[SourceTitle "EXT 2022"]
[Source "ChessBase"]
[SourceDate "2021.10.06"]
[SourceVersion "1"]
[SourceVersionDate "2021.10.06"]
[SourceQuality "1"]

1. e4 d5 2. exd5 Nf6 3. Nf3 Nxd5 4. d4 e6 5. c4 Nf6 6. Nc3 Nbd7 7. g3 Bb4 8. Bg2 0-0 9. 0-0 Nb6 10. c5 Bxc3 11. bxc3 Nbd5 12. Qb3 c6 13. Rb1 Ne7 14. Ne5 a6 15. Re1 Ng6 16. Nc4 Qc7 17. Nd6 Rb8 18. Ba3 Rd8 19. Re2 Rd7 20. f4 Ne7 21. Nc4 Nfd5 22. Ne5 Rd8 23. Rd2 Ng6 24. Nc4 Nge7 25. Bf1 Rd7 26. Ne5 Rd8 27. Nc4 Ra8 28. Nd6 Ra7 29. Rdb2 Rd7 30. c4 Nf6 31. Qc3 Qd8 32. Bg2 Qc7 33. Bb4 Nf5 34. Qd2 Nxd6 35. cxd6 Qd8 36. c5 Qe8 37. Re1 Qd8 38. Ba5 Qe8 39. Qd3 Qf8 40. Rbe2 Ra8 41. Bh3 g6 42. Bd2 Rd8 43. Bc1 Bd7 44. Bb2 Ne8 45. Qc3 Ng7 46. d5 cxd5 47. Kh1 Rab8 48. Rb1 Bc6 49. Bg2 Rd7 50. Qf6 Rbd8 51. Bd4 Rb8 52. h4 h5 53. Bf3 Kh7 54. Rh2 Qg8 55. g4 Qf8 56. gxh5 Nxh5 57. Bxh5 gxh5 58. Rg2 Qh6 59. Rg7+ Qxg7 60. Qxg7# 1-0

[Event "SVK-ch U12"]
[Site "Liptovsky Mikulas"]
[Date "2019.04.25"]
[Round "4"]
[White "Jurky, Marian"]
[Black "Petrus, Daniel"]
[Result "1-0"]
[WhiteElo "1387"]
[BlackElo "1179"]
[PlyCount "47"]
[EventDate "2019.04.23"]
[EventType "swiss"]
[EventRounds "9"]
[EventCountry "SVK"]
[SourceTitle "CBM 190 Extra"]
[Source "ChessBase"]
[SourceDate "2019.07.15"]
[SourceVersion "1"]
[SourceVersionDate "2019.07.15"]
[SourceQuality "1"]

1. d4 Nf6 2. c4 e6 3. Nc3 Be7 4. e4 d5 5. e5 Nfd7 6. Nf3 0-0 7. Bd3 Nb6 8. c5 N6d7 9. Qc2 g6 10. Bh6 Re8 11. h4 Bf8 12. Qd2 Nc6 13. Bxf8 Rxf8 14. Qh6 f6 15. h5 Rf7 16. hxg6 Re7 17. gxh7+ Kh8 18. Nh4 Nf8 19. Qxf8+ Qxf8 20. Ng6+ Kg7 21. Nxf8 Kh8 22. Ng6+ Kg7 23. h8Q+ Kf7 24. Qf8# 1-0

[Event "EU Union-ch U12"]
[Site "Kouty nad Desnou"]
[Date "2018.08.14"]
[Round "8"]
[White "Bochnickova, Simona"]
[Black "Jurky, Marian"]
[Result "1-0"]
[WhiteElo "1363"]
[BlackElo "1303"]
[PlyCount "133"]
[EventDate "2018.08.07"]
[EventType "swiss"]
[EventRounds "9"]
[EventCountry "CZE"]
[SourceTitle "CBM 186 Extra"]
[Source "ChessBase"]
[SourceDate "2018.08.24"]
[SourceVersion "1"]
[SourceVersionDate "2018.08.24"]
[SourceQuality "1"]

1. e4 d6 2. d4 Nf6 3. Nc3 c6 4. Nf3 Qa5 5. Bd2 Qc7 6. a4 Bg4 7. h3 Bxf3 8. Qxf3 Nbd7 9. Bc4 e5 10. Be3 Be7 11. 0-0 0-0 12. Rad1 Rad8 13. h4 exd4 14. Bxd4 Ne5 15. Bxe5 dxe5 16. Qf5 Bd6 17. Rd3 Qd7 18. Qg5 Qg4 19. Rfd1 Bc7 20. Qxg4 Nxg4 21. Rd7 Bb6 22. Rxb7 Bxf2+ 23. Kh1 Bxh4 24. Rxd8 Rxd8 25. Rxf7 Kh8 26. Rxa7 Bg3 27. a5 Nf2+ 28. Kg1 Ng4 29. Rb7 Bf2+ 30. Kf1 Ne3+ 31. Kxf2 Nxc4 32. a6 Nd6 33. Rb3 Ra8 34. a7 Nb5 35. Nxb5 h5 36. Ra3 cxb5 37. b3 Kg8 38. c4 bxc4 39. bxc4 Kf7 40. Ra6 Ke7 41. Kg3 g5 42. Rh6 Kf7 43. c5 Kg7 44. Ra6 Kf7 45. c6 Ke7 46. Rb6 Kd6 47. Ra6 Kc7 48. Kh3 Kd6 49. Kg3 Kc7 50. Kf3 Kd6 51. Ke3 g4 52. Kd3 h4 53. Ke3 Kc7 54. Ra5 Kd6 55. c7 Kxc7 56. Rxe5 h3 57. gxh3 gxh3 58. Kf3 Rxa7 59. Re7+ Kb6 60. Rxa7 Kxa7 61. Kg3 Kb6 62. Kxh3 Kc6 63. Kg4 Kd6 64. Kf5 Kd7 65. Kf6 Ke8 66. Ke6 Kd8 67. Kf7 1-0